Wilder boys / (Record no. 6132)
[ view plain ]
| 000 -LEADER | |
|---|---|
| fixed length control field | 00984nam a22002417a 4500 |
| 001 - CONTROL NUMBER | |
| control field | 6132 |
| 003 - CONTROL NUMBER IDENTIFIER | |
| control field | FISKH |
| 005 - DATE AND TIME OF LATEST TRANSACTION | |
| control field | 20250318101903.0 |
| 008 - FIXED-LENGTH DATA ELEMENTS--GENERAL INFORMATION | |
| fixed length control field | 250318b cb ||||| |||| 00| 0 eng d |
| 020 ## - INTERNATIONAL STANDARD BOOK NUMBER | |
| International Standard Book Number | 9781338046892 |
| 040 ## - CATALOGING SOURCE | |
| Original cataloging agency | FISKH |
| Language of cataloging | eng |
| Transcribing agency | FISKH |
| Modifying agency | FISKH |
| 050 ## - LIBRARY OF CONGRESS CALL NUMBER | |
| Classification number | PZ7.W35 W |
| 100 ## - MAIN ENTRY--PERSONAL NAME | |
| Personal name | Wallace, Brandon |
| 245 ## - TITLE STATEMENT | |
| Title | Wilder boys / |
| Statement of responsibility, etc. | By Brandon Wallace |
| 250 ## - EDITION STATEMENT | |
| Edition statement | First Scholastic printing, March 2016 |
| 260 ## - PUBLICATION, DISTRIBUTION, ETC. | |
| Place of publication, distribution, etc. | New York : |
| Name of publisher, distributor, etc. | Scholastic ; |
| Date of publication, distribution, etc. | 2015. |
| 300 ## - PHYSICAL DESCRIPTION | |
| Extent | 220 pages : |
| Other physical details | illustrations ; |
| Dimensions | 20 cm . |
| 520 ## - SUMMARY, ETC. | |
| Summary, etc. | To evade their mother's abusive boyfriend, brothers Jake, thirteen, and Taylor, eleven, venture from the suburbs of Pittsburgh toward the wilds of Wyoming in search of the father they have not seen in four years, using their wilderness skills to survive against both natural and human dangers. Includes wilderness tips . |
| 650 ## - SUBJECT ADDED ENTRY--TOPICAL TERM | |
| Topical term or geographic name entry element | Adventure |
| Form subdivision | Realistic fiction |
| 700 ## - ADDED ENTRY--PERSONAL NAME | |
| Personal name | Paprocki, Karin |
| Relator term | Designer |
| 942 ## - ADDED ENTRY ELEMENTS (KOHA) | |
| Source of classification or shelving scheme | Dewey Decimal Classification |
| Koha item type | Books |
| Suppress in OPAC | No |
| Withdrawn status | Lost status | Source of classification or shelving scheme | Damaged status | Not for loan | Collection | Home library | Current library | Shelving location | Date acquired | Total Checkouts | Full call number | Barcode | Date last seen | Date last checked out | Price effective from | Koha item type |
|---|---|---|---|---|---|---|---|---|---|---|---|---|---|---|---|---|
| Dewey Decimal Classification | Fiction | Footprints International School Library Network Toul Tom Poung Campus | Footprints International School Library Network Toul Tom Poung Campus | TTP Secondary Fiction Bookshelves | 03/18/2025 | 1 | WAL PZ7.W35 W | FIS05584 | 11/10/2025 | 10/31/2025 | 03/18/2025 | Books |
